000 00291nam a2200109 a 4500
005 20201002052859.0
008 150817s2009 000 spa d
020 _a9789945170955
245 0 _aCiencias sociales : educación básica.
260 _aSanto Domingo : SM,
_c2009.
999 _c45938
_d45938
040 _aDO-SdBNP